LEADER 01535nas 2200505- 450 001 996206070503316 005 20230124191658.0 011 $a2195-3961 035 $a(OCoLC)905958805 035 $a(CKB)3350000000000808 035 $a(CONSER)--2015247838 035 $a(MiAaPQ)2046143 035 $a(DE-599)ZDB2842515-7 035 $a(EXLCZ)993350000000000808 100 $a20150303a20159999 --- - 101 0 $aeng 135 $aur||||||||||| 181 $ctxt$2rdacontent 182 $cc$2rdamedia 183 $acr$2rdacarrier 200 00$aComputational cognitive science 210 1$a[Heidelberg, Germany] :$cSpringer,$d[2015]- 215 $a1 online resource 300 $aRefereed/Peer-reviewed 531 $aCOMPUT COGN SCI 531 0 $aComput. cognit. sci. 606 $aCognitive science$vPeriodicals 606 $aCognition$xComputer simulation 606 $aCognition$xComputer simulation$2fast$3(OCoLC)fst00866461 606 $aCognitive science$2fast$3(OCoLC)fst00866547 606 $aCognitive Science 606 $aArtificial Intelligence 608 $aPeriodical. 608 $aPeriodicals.$2fast 610 $aPsychology 615 0$aCognitive science 615 0$aCognition$xComputer simulation. 615 7$aCognition$xComputer simulation. 615 7$aCognitive science. 615 2$aCognitive Science. 615 2$aArtificial Intelligence. 906 $aJOURNAL 912 $a996206070503316 996 $aComputational cognitive science$92195823 997 $aUNISA LEADER 01007nam0 22002771i 450 001 UON00281905 005 20231205103840.910 010 $a978-22-513-8071-1 100 $a20061013d2006 |0itac50 ba 101 $afre 102 $aFR 105 $a|||| ||||| 200 1 $aˆL'‰Atlantide$ePetite histoire d'un mythe platonicien$fPierre Vidal-Naquet 210 $aParis$cLes Belles Lettres$d2006 215 $a198 p.$cill., c.di tav.$d21 cm 606 $aAtlantide$3UONC061059$2FI 620 $aFR$dParis$3UONL002984 676 $a001.94$cMISTERI$v21 700 1$aVIDAL-NAQUET$bPierre$3UONV041817$025203 712 $aLes Belles Lettres$3UONV245913$4650 801 $aIT$bSOL$c20250725$gRICA 899 $aSIBA - SISTEMA BIBLIOTECARIO DI ATENEO$2UONSI 912 $aUON00281905 950 $aSIBA - SISTEMA BIBLIOTECARIO DI ATENEO$dSI R 0113 $eSI MC 30586 5 996 $aAtlantide$9949909 997 $aUNIOR